000 00619nam a22002297a 4500
003 UA-OsUOA
001 94119
007 ta
008 20130205b un ||||| |||| 00| 0 ukr d
100 _aГроссо А.
090 _a821.134.2
_bГ88
942 _cBK
040 _aUA-OsUOA
_bukr
_cUA-OsUOA
_dUA-OsUOA
245 _aСліпучо-голубе небо
_bроман, оповідання
300 _a184 с.
955 _a3
041 _aukr
080 _a821.134.2
260 _aК.
_bМолодь
_c1979
650 7 _a82 Література. Літературознавство
_2UDC
999 _c380333
_d380333